000 00416nam a22001697a 4500
999 _c11043
_d11043
003 OSt
008 201119b ||||| |||| 00| 0 eng d
020 _a9780198066224
082 _a004.678
_bROW
100 _aROY, Uttam K.
245 _aWeb Technologies
250 _a15th Imp 1st Ed
260 _aNew Delhi
_bOxford University Press
_c2018
300 _a758
650 _aBachelor of Commerce
942 _2ddc
_cBK